[Event "BCF-chT3E 2224 (4NCL)"]
[Site "England"]
[Date "2024.01.13"]
[Round "3.33"]
[White "Thompson, Ian D"]
[Black "Fegan, Chris"]
[Result "1-0"]
[WhiteElo "2011"]
[BlackElo "2072"]
[PlyCount "71"]
[EventDate "2023.11.11"]
[EventType "team-tourn"]
[EventRounds "11"]
[EventCountry "ENG"]
[SourceTitle "CB11_2024"]
[SourceDate "2024.03.13"]
[SourceVersion "1"]
[SourceVersionDate "2024.03.13"]
[SourceQuality "1"]
[WhiteTeam "Crowthorne A"]
[BlackTeam "Kingston II"]
[WhiteTeamCountry "ENG"]
[BlackTeamCountry "ENG"]

1. c4 g6 2. Nc3 Bg7 3. g3 Nf6 4. Bg2 0-0 5. Nf3 d6 6. d4 c6 7. 0-0 a6 8. b3 Nbd7 9. Bb2 Rb8 10. e4 e5 11. dxe5 dxe5 12. Ba3 Re8 13. Bd6 Ra8 14. c5 Bf8 15. Bxf8 Rxf8 16. b4 a5 17. a3 axb4 18. axb4 Rxa1 19. Qxa1 b6 20. Rd1 bxc5 21. Nxe5 Qc7 22. Nxd7 Nxd7 23. b5 Bb7 24. Qc1 Re8 25. Qd2 Ne5 26. f4 Nc4 27. Qe2 Nd6 28. b6 Qe7 29. Qd3 Nc8 30. Na4 c4 31. Qxc4 Nd6 32. Qb4 Nc8 33. Qxe7 Rxe7 34. Rd8+ Kg7 35. Nc5 Nxb6 36. Rb8 1-0

[Event "Guernsey op 46th"]
[Site "St James"]
[Date "2022.10.22"]
[Round "7"]
[White "Vernon, Guy"]
[Black "Fegan, Chris"]
[Result "0-1"]
[WhiteElo "1766"]
[BlackElo "2013"]
[PlyCount "116"]
[EventDate "2022.10.16"]
[EventType "swiss"]
[EventRounds "7"]
[EventCountry "GCI"]
[SourceTitle "EXT 2024"]
[Source "ChessBase"]
[SourceDate "2023.10.10"]
[SourceVersion "1"]
[SourceVersionDate "2023.10.10"]
[SourceQuality "1"]

1. e4 c5 2. Nf3 a6 3. c4 d6 4. d4 cxd4 5. Nxd4 Nf6 6. Nc3 g6 7. Be2 Bg7 8. 0-0 0-0 9. Kh1 Nc6 10. Nc2 Be6 11. f4 Na5 12. b3 Rc8 13. Bd2 Bd7 14. Rc1 h5 15. Ne3 e6 16. f5 b5 17. cxb5 axb5 18. fxg6 fxg6 19. e5 dxe5 20. Nxb5 Rxc1 21. Qxc1 Ne4 22. Rxf8+ Bxf8 23. Nc3 Nxd2 24. Qxd2 Nc6 25. Nc4 Bg7 26. Qd3 Qh4 27. g3 Qd4 28. Kg2 Nb4 29. Qd2 Bc6+ 30. Bf3 Bxf3+ 31. Kxf3 Qxc3+ 32. Qxc3 e4+ 33. Kxe4 Bxc3 34. a4 Nc6 35. Kd3 Bb4 36. Nb6 Na5 37. Kc2 Kf7 38. Nd7 Nc6 39. Kd3 e5 40. Kc4 Ke6 41. Nb6 Bd2 42. Kb5 Nd4+ 43. Kc4 Ba5 44. Nd5 Nxb3 45. Ne3 Bb6 46. Nd1 Nd4 47. Kb4 Kd6 48. Nc3 Bc7 49. Kc4 Bd8 50. Nd5 Nf3 51. Nc3 Nxh2 52. Kb5 Nf1 53. Ne2 Kd5 54. a5 Bxa5 55. Kxa5 Ke4 56. Kb4 Kf3 57. Nc3 Nxg3 58. Kc4 h4 0-1

[Event "Newcastle Northumbria Masters"]
[Site "Newcastle on Tyne"]
[Date "2021.08.29"]
[Round "6"]
[White "Arkell, Keith C"]
[Black "Fegan, Chris"]
[Result "1-0"]
[WhiteElo "2382"]
[BlackElo "2034"]
[PlyCount "43"]
[EventDate "2021.08.26"]
[EventType "swiss"]
[EventRounds "9"]
[EventCountry "ENG"]
[SourceTitle "CBM 204 Extra"]
[Source "ChessBase"]
[SourceDate "2021.11.30"]
[SourceVersion "1"]
[SourceVersionDate "2021.11.30"]
[SourceQuality "1"]

1. d4 Nf6 2. Nf3 g6 3. b4 Bg7 4. Bb2 0-0 5. e3 d6 6. Nbd2 Bg4 7. h3 Bxf3 8. Nxf3 Nbd7 9. Be2 a5 10. b5 c5 11. bxc6 bxc6 12. 0-0 Rb8 13. Rb1 c5 14. c3 Ne4 15. Qd3 d5 16. c4 cxd4 17. Bxd4 Ndc5 18. Bxc5 Nxc5 19. Qxd5 Rxb1 20. Rxb1 Qxd5 21. cxd5 Rd8 22. Bc4 1-0

[Event "BCF-chT3Sa 1920 (4NCL)"]
[Site "England"]
[Date "2020.01.11"]
[Round "3.23"]
[White "Fegan, Chris"]
[Black "Gogia, Armaan"]
[Result "1/2-1/2"]
[WhiteElo "2061"]
[BlackElo "1952"]
[PlyCount "77"]
[EventDate "2019.11.09"]
[EventType "team-tourn"]
[EventRounds "11"]
[EventCountry "ENG"]
[SourceTitle "EXT 2023"]
[Source "ChessBase"]
[SourceDate "2022.10.05"]
[SourceVersion "1"]
[SourceVersionDate "2022.10.05"]
[SourceQuality "1"]
[WhiteTeam "CSC"]
[BlackTeam "Ashfield"]
[WhiteTeamCountry "ENG"]
[BlackTeamCountry "ENG"]

1. e4 c5 2. a3 e6 3. Nf3 Nc6 4. Nc3 a6 5. d4 cxd4 6. Nxd4 Qc7 7. g3 Nf6 8. Bg2 Be7 9. 0-0 0-0 10. Kh1 d6 11. f4 Nxd4 12. Qxd4 e5 13. Qd3 Be6 14. Nd5 Nxd5 15. exd5 Bd7 16. b3 Bf6 17. Be4 h6 18. Bb2 Rae8 19. Rae1 Qd8 20. a4 exf4 21. Bxf6 Qxf6 22. Rxf4 Qg5 23. h4 Qh5 24. Ref1 g5 25. Rf6 gxh4 26. g4 Qe5 27. Bh7+ Kg7 28. Rxf7+ Rxf7 29. Qg6+ Kh8 30. Qxf7 Qg7 31. Bd3 Qxf7 32. Rxf7 Bxg4 33. Rf6 h5 34. Kg2 Rd8 35. Rf7 Rd7 36. Rf6 Kg7 37. Rg6+ Kf7 38. Rh6 Kg7 39. Rg6+ 1/2-1/2

[Event "Basingstoke 4NCL Spring Bank 2nd U2050"]
[Site "Basingstoke"]
[Date "2019.05.26"]
[Round "5"]
[White "Fegan, Chris"]
[Black "Ireland, David J"]
[Result "1-0"]
[WhiteElo "2038"]
[BlackElo "1948"]
[PlyCount "53"]
[EventDate "2019.05.24"]
[EventType "swiss"]
[EventRounds "7"]
[EventCountry "ENG"]
[SourceTitle "EXT 2020"]
[Source "ChessBase"]
[SourceDate "2019.10.17"]
[SourceVersion "1"]
[SourceVersionDate "2019.10.17"]
[SourceQuality "1"]

1. d4 Nf6 2. c4 c5 3. Nf3 cxd4 4. Nxd4 e5 5. Nf3 Nc6 6. g3 d5 7. Bg2 Bb4+ 8. Bd2 e4 9. Nd4 Qb6 10. Nxc6 bxc6 11. 0-0 0-0 12. Nc3 Ba6 13. b3 e3 14. Bxe3 Qa5 15. Na4 dxc4 16. a3 Be7 17. Bxc6 Rfd8 18. Qb1 cxb3 19. Bxa8 Rxa8 20. Qxb3 Qh5 21. f3 Bxe2 22. Qb7 Re8 23. Rf2 Bc4 24. Bxa7 Bd5 25. Qb5 Bxa3 26. Rxa3 Re1+ 27. Rf1 1-0

[Event "Basingstoke 4NCL Spring Bank 2nd U2050"]
[Site "Basingstoke"]
[Date "2019.05.25"]
[Round "2"]
[White "Zheng, Jerry Z"]
[Black "Fegan, Chris"]
[Result "0-1"]
[WhiteElo "1520"]
[BlackElo "2038"]
[PlyCount "164"]
[EventDate "2019.05.24"]
[EventType "swiss"]
[EventRounds "7"]
[EventCountry "ENG"]
[SourceTitle "EXT 2020"]
[Source "ChessBase"]
[SourceDate "2019.10.17"]
[SourceVersion "1"]
[SourceVersionDate "2019.10.17"]
[SourceQuality "1"]

1. e4 c5 2. Nf3 d6 3. d4 cxd4 4. Nxd4 Nf6 5. Nc3 g6 6. Be3 a6 7. f3 Nc6 8. Qd2 Bd7 9. 0-0-0 b5 10. g4 Qa5 11. Nb3 Qc7 12. Nd4 Bg7 13. h4 b4 14. Nce2 Qa5 15. Nxc6 Bxc6 16. Kb1 Rb8 17. h5 Nxe4 18. fxe4 Bxe4 19. Rg1 0-0 20. Nd4 Rfc8 21. Bd3 Bd5 22. Nb3 Qc7 23. Bxa6 Bxb3 24. Bxc8 Bxa2+ 25. Kxa2 Qc4+ 26. Kb1 Ra8 27. Qd3 Qa2+ 28. Kc1 Qxb2+ 29. Kd2 Ra3 30. Ba6 Rxd3+ 31. Bxd3 b3 32. Rb1 Qc3+ 33. Ke2 b2 34. h6 Be5 35. Bd2 Qc6 36. g5 f5 37. gxf6 Bxf6 38. Bg5 Bd4 39. Be3 Be5 40. Rgf1 d5 41. Bg5 Bc3 42. Rf3 Qe6+ 43. Be3 Bf6 44. Kd2 Qc6 45. Rff1 Qc3+ 46. Ke2 Qc6 47. Kd2 Qc7 48. Ke2 Qh2+ 49. Rf2 Qh5+ 50. Kd2 Qh4 51. Ke2 Qa4 52. Rff1 Bc3 53. Bd2 Qg4+ 54. Ke1 Bf6 55. c3 Bh4+ 56. Rf2 Qg1+ 57. Ke2 Qxf2+ 58. Kd1 Qf3+ 59. Kc2 Qg2 60. Kd1 Bg5 61. Rxb2 Qg1+ 62. Kc2 Bxd2 63. Kxd2 Qg5+ 64. Kd1 Qxh6 65. Re2 Qh5 66. Kd2 e5 67. c4 Qg5+ 68. Kc3 e4 69. Bc2 Qe5+ 70. Kd2 Qd4+ 71. Ke1 Qxc4 72. Kd2 Qd4+ 73. Ke1 e3 74. Kf1 Qf4+ 75. Ke1 Qg3+ 76. Kf1 Qf3+ 77. Kg1 Qxe2 78. Bb3 Qf2+ 79. Kh1 e2 80. Bxd5+ Kg7 81. Bg2 e1Q+ 82. Kh2 Qg3# 0-1

[Event "BCF-chT3S 1819 (4NCL) Promotion pool"]
[Site "England"]
[Date "2019.05.04"]
[Round "9.34"]
[White "Voyiakis, Emmanuel"]
[Black "Fegan, Chris"]
[Result "1-0"]
[WhiteElo "2022"]
[BlackElo "2038"]
[PlyCount "169"]
[EventDate "2019.04.14"]
[EventType "team-tourn"]
[EventRounds "11"]
[EventCountry "ENG"]
[SourceTitle "EXT 2021"]
[Source "ChessBase"]
[SourceDate "2020.10.23"]
[SourceVersion "1"]
[SourceVersionDate "2020.10.23"]
[SourceQuality "1"]
[WhiteTeam "Fermented Sharks"]
[BlackTeam "CSC Dragons"]
[WhiteTeamCountry "ENG"]
[BlackTeamCountry "ENG"]

1. e4 e5 2. Nf3 Nc6 3. g3 d6 4. Bg2 g6 5. c3 Bg7 6. 0-0 Nf6 7. Re1 0-0 8. d4 Rb8 9. Nbd2 Re8 10. h3 h6 11. b3 b5 12. d5 Ne7 13. Ba3 Nh5 14. Rc1 Rf8 15. c4 b4 16. Bb2 Bd7 17. a4 Be8 18. c5 f5 19. cxd6 cxd6 20. Nc4 Bf7 21. exf5 gxf5 22. Bxe5 dxe5 23. Nfxe5 Be8 24. d6 Ng6 25. d7 Nxe5 26. Nxe5 Bxe5 27. dxe8Q Rxe8 28. Qxh5 Qg5 29. Bd5+ Kh8 30. Qxg5 hxg5 31. Rc6 Kg7 32. Kg2 Rbd8 33. Bc4 Re7 34. f4 gxf4 35. gxf4 Bf6 36. Rxe7+ Bxe7 37. Rc7 Kf6 38. Rxa7 Rd4 39. Ra6+ Kg7 40. Ra7 Kf6 41. Ra6+ Kg7 42. a5 Rxf4 43. Re6 Bc5 44. a6 Rf2+ 45. Kh1 f4 46. Re2 Rf1+ 47. Kg2 Ra1 48. Re5 Be3 49. Rb5 Kf6 50. Rxb4 Ke5 51. Kf3 Rh1 52. Rb5+ Kd4 53. Ra5 Rxh3+ 54. Kg4 Rg3+ 55. Kh5 Rh3+ 56. Kg6 Rh8 57. Be6 Bd2 58. Ra4+ Ke3 59. Bc4 Ra8 60. a7 Kd4 61. Be2+ Ke3 62. Bb5 f3 63. Bc6 f2 64. Bb5 Kf3 65. Bc6+ Kg3 66. Bxa8 f1Q 67. Be4 Bc3 68. Bf5 Qd1 69. a8Q Qd6+ 70. Kh5 Bd4 71. Qg8+ Kf2 72. Qg6 Kf1 73. Qg4 Be3 74. Ra2 Bd2 75. Qh4 Ke2 76. Qc4+ Kf2 77. Qh4+ Ke2 78. Qe4+ Kf2 79. Qe6 Qh2+ 80. Kg6 Qh6+ 81. Kf7 Qh5+ 82. Bg6 Qd1 83. Qb6+ Kg2 84. Qe3 Qf1+ 85. Kg7 1-0

[Event "Bunratty Masters 26th"]
[Site "Bunratty"]
[Date "2019.02.24"]
[Round "5"]
[White "Fegan, Chris"]
[Black "Machin, Guillaume"]
[Result "1/2-1/2"]
[WhiteElo "2024"]
[BlackElo "2159"]
[PlyCount "84"]
[EventDate "2019.02.22"]
[EventType "swiss"]
[EventRounds "6"]
[EventCountry "IRL"]
[SourceTitle "EXT 2024"]
[Source "ChessBase"]
[SourceDate "2023.10.10"]
[SourceVersion "1"]
[SourceVersionDate "2023.10.10"]
[SourceQuality "1"]

1. d4 e6 2. c4 f5 3. Nf3 Nf6 4. g3 Be7 5. Bg2 d6 6. 0-0 0-0 7. Nc3 Ne4 8. Nxe4 fxe4 9. Ne1 d5 10. f3 Nc6 11. fxe4 Rxf1+ 12. Kxf1 dxc4 13. Nf3 b5 14. Bf4 Bb7 15. Rc1 Qf8 16. Kg1 Bd6 17. e5 Be7 18. b3 Ba3 19. bxc4 Bxc1 20. Qxc1 Qb4 21. d5 exd5 22. cxd5 Nd4 23. Nxd4 Qxd4+ 24. e3 Qd3 25. e4 c5 26. Qxc5 Qb1+ 27. Bf1 Qxe4 28. Bg2 Qe1+ 29. Bf1 Qd1 30. d6 Qd5 31. Qxd5+ Bxd5 32. Bxb5 Be6 33. Be3 Rb8 34. Bc6 a5 35. Ba7 Rf8 36. Bb6 Rf7 37. Bxa5 g5 38. Bd2 h6 39. Be3 Kg7 40. Kg2 Kg6 41. Bd4 Kg7 42. Kg1 Kg8 1/2-1/2

[Event "Bunratty Masters 26th"]
[Site "Bunratty"]
[Date "2019.02.23"]
[Round "3"]
[White "Byrne, Alex"]
[Black "Fegan, Chris"]
[Result "0-1"]
[WhiteElo "1967"]
[BlackElo "2024"]
[PlyCount "60"]
[EventDate "2019.02.22"]
[EventType "swiss"]
[EventRounds "6"]
[EventCountry "IRL"]
[SourceTitle "EXT 2024"]
[Source "ChessBase"]
[SourceDate "2023.10.10"]
[SourceVersion "1"]
[SourceVersionDate "2023.10.10"]
[SourceQuality "1"]

1. e4 e5 2. Nf3 Nc6 3. Bc4 Bc5 4. c3 Nf6 5. d3 0-0 6. a4 a5 7. Be3 Qe7 8. h3 Bxe3 9. fxe3 Qc5 10. Qe2 d5 11. exd5 Nxd5 12. d4 exd4 13. cxd4 Qb4+ 14. Nbd2 Be6 15. Bxd5 Bxd5 16. 0-0 Rae8 17. Qd3 Qe7 18. Rae1 Nb4 19. Qc3 Bc6 20. Qb3 Qd7 21. Ne5 Rxe5 22. dxe5 Qxd2 23. e4 Nd3 24. Rd1 Qe3+ 25. Kh2 Qxe4 26. Rd2 Qxe5+ 27. g3 Nc5 28. Qc4 Ne4 29. Rd3 Qxb2+ 30. Kg1 Nd6 0-1

[Event "Bunratty Masters 26th"]
[Site "Bunratty"]
[Date "2019.02.23"]
[Round "4"]
[White "Delaney, Killian"]
[Black "Fegan, Chris"]
[Result "0-1"]
[WhiteElo "2234"]
[BlackElo "2024"]
[PlyCount "84"]
[EventDate "2019.02.22"]
[EventType "swiss"]
[EventRounds "6"]
[EventCountry "IRL"]
[SourceTitle "EXT 2024"]
[Source "ChessBase"]
[SourceDate "2023.10.10"]
[SourceVersion "1"]
[SourceVersionDate "2023.10.10"]
[SourceQuality "1"]

1. d4 d5 2. Bf4 Nf6 3. e3 e6 4. Nd2 Bd6 5. Bg3 c5 6. c3 Nc6 7. Ngf3 Nh5 8. Bh4 Be7 9. Bxe7 Qxe7 10. Bb5 0-0 11. 0-0 Nf6 12. Re1 Bd7 13. Bd3 Rfe8 14. dxc5 e5 15. e4 Qxc5 16. Nb3 Qd6 17. exd5 Qxd5 18. c4 Qe6 19. Nc5 Qe7 20. Nxd7 Qxd7 21. Bc2 Qg4 22. h3 Qxc4 23. Bb3 Qf4 24. Bxf7+ Kxf7 25. Qb3+ Kf8 26. Qxb7 e4 27. Qxc6 exf3 28. Rxe8+ Rxe8 29. Qc5+ Re7 30. Rd1 fxg2 31. b4 Qf3 32. Re1 Ne4 33. Qe3 Qxe3 34. Rxe3 Nf6 35. Ra3 Nd5 36. b5 Nf4 37. Re3 Rxe3 38. fxe3 Nxh3+ 39. Kxg2 Ng5 40. a4 Ke7 41. a5 Kd6 42. Kg3 Ke5 0-1

[Event "Bunratty Masters 26th"]
[Site "Bunratty"]
[Date "2019.02.23"]
[Round "2"]
[White "Fegan, Chris"]
[Black "Astaneh Lopez, Alex"]
[Result "0-1"]
[WhiteElo "2024"]
[BlackElo "2427"]
[PlyCount "88"]
[EventDate "2019.02.22"]
[EventType "swiss"]
[EventRounds "6"]
[EventCountry "IRL"]
[SourceTitle "EXT 2024"]
[Source "ChessBase"]
[SourceDate "2023.10.10"]
[SourceVersion "1"]
[SourceVersionDate "2023.10.10"]
[SourceQuality "1"]

1. d4 Nf6 2. Nf3 e6 3. c4 b6 4. g3 Ba6 5. Qc2 c6 6. Bg2 d5 7. Ne5 Bd6 8. 0-0 Bxe5 9. dxe5 Nfd7 10. cxd5 cxd5 11. f4 Qe7 12. Rd1 Qc5+ 13. Qxc5 bxc5 14. e4 d4 15. b4 Nc6 16. bxc5 Nxc5 17. Bb2 Na4 18. Bxd4 Rd8 19. Nc3 Rxd4 20. Rxd4 Nxc3 21. Rd6 Bb7 22. Rd3 Na4 23. Rc1 Ke7 24. Bf1 Nb6 25. Ra3 Rc8 26. Kf2 h5 27. Be2 g6 28. Ke3 Nd7 29. h3 Ba8 30. Bb5 Ndb8 31. Rac3 Rc7 32. Rb3 Rc8 33. Rbc3 Kd8 34. Rd1+ Nd7 35. g4 hxg4 36. hxg4 g5 37. Rd6 gxf4+ 38. Kxf4 Ncxe5 39. Ra3 Bc6 40. Be2 Rc7 41. g5 Rb7 42. Ra6 Kc7 43. Rd1 Rb2 44. Bh5 Rh2 0-1

[Event "BCF-chT3S 1718 (4NCL) Promotion pool"]
[Site "England"]
[Date "2018.05.05"]
[Round "9.36"]
[White "Trevelyan, John"]
[Black "Fegan, Chris"]
[Result "0-1"]
[WhiteElo "2023"]
[BlackElo "2045"]
[PlyCount "58"]
[EventDate "2017.11.11"]
[EventType "team-tourn"]
[EventRounds "11"]
[EventCountry "ENG"]
[SourceTitle "EXT 2020"]
[Source "ChessBase"]
[SourceDate "2019.10.17"]
[SourceVersion "1"]
[SourceVersionDate "2019.10.17"]
[SourceQuality "1"]
[WhiteTeam "Rhyfelwyr Essyllwg"]
[BlackTeam "CSC Dragons"]
[WhiteTeamCountry "WLS"]
[BlackTeamCountry "ENG"]

1. d4 f5 2. c4 Nf6 3. Nc3 g6 4. e3 Bg7 5. Bd3 0-0 6. f4 e6 7. Nf3 Nc6 8. 0-0 d6 9. e4 fxe4 10. Nxe4 Kh8 11. Nc3 a6 12. Qe1 Nh5 13. Ne2 Qe7 14. d5 exd5 15. cxd5 Nd8 16. Ng5 Nf7 17. Ne4 Bf5 18. N2c3 Rae8 19. Bd2 Nf6 20. Nf2 Qd7 21. Qb1 Nh6 22. Qc2 b5 23. Qb3 Bxd3 24. Nxd3 Qf5 25. Rf3 Nfg4 26. Qb4 Nf6 27. Rc1 Re7 28. Re3 Rxe3 29. Bxe3 Qxd3 0-1

[Event "BCF-chT3Sb 1718 (4NCL)"]
[Site "England"]
[Date "2018.02.10"]
[Round "5.55"]
[White "Fegan, Chris"]
[Black "George, Matthew P"]
[Result "1-0"]
[WhiteElo "2045"]
[BlackElo "2021"]
[PlyCount "71"]
[EventDate "2017.11.11"]
[EventType "team-tourn"]
[EventRounds "11"]
[EventCountry "ENG"]
[SourceTitle "EXT 2020"]
[Source "ChessBase"]
[SourceDate "2019.10.17"]
[SourceVersion "1"]
[SourceVersionDate "2019.10.17"]
[SourceQuality "1"]
[WhiteTeam "CSC Dragons"]
[BlackTeam "Fermented Sharks"]
[WhiteTeamCountry "ENG"]
[BlackTeamCountry "ENG"]

1. e4 d5 2. exd5 Qxd5 3. Nf3 Bg4 4. Be2 Nc6 5. c4 Qd7 6. h3 Bxf3 7. Bxf3 Qe6+ 8. Qe2 Qxe2+ 9. Bxe2 Nd4 10. Bd1 g6 11. Nc3 Bg7 12. d3 0-0-0 13. Be3 e6 14. 0-0 Ne7 15. Rb1 Nec6 16. Bg5 f6 17. Be3 f5 18. Bg5 Rd7 19. Ba4 Rf7 20. f4 h6 21. Bh4 Rg8 22. Rbe1 Nb4 23. Re3 Bf8 24. a3 g5 25. fxg5 hxg5 26. Bf2 Na6 27. Re5 Bg7 28. Bxd4 Bxe5 29. Bxe5 g4 30. h4 Nc5 31. d4 Nd3 32. Bc2 Nxb2 33. c5 Nc4 34. Bb3 Nxe5 35. Bxe6+ Rd7 36. dxe5 1-0

[Event "BCF-ch Seniors 50"]
[Site "Llandudno"]
[Date "2017.08.02"]
[Round "4"]
[White "Fegan, Chris"]
[Black "Fallowfield, Nicholas"]
[Result "1-0"]
[WhiteElo "2052"]
[BlackElo "1901"]
[PlyCount "45"]
[EventDate "2017.07.30"]
[EventType "swiss"]
[EventRounds "7"]
[EventCountry "WLS"]
[SourceTitle "CBM 179 Extra"]
[Source "ChessBase"]
[SourceDate "2017.08.23"]
[SourceVersion "1"]
[SourceVersionDate "2017.08.23"]
[SourceQuality "1"]

1. Nf3 d5 2. g3 Nc6 3. d4 Bg4 4. Bg2 Qd7 5. 0-0 0-0-0 6. c3 f6 7. b4 Bxf3 8. Bxf3 e5 9. b5 Nce7 10. dxe5 fxe5 11. Qa4 Kb8 12. Be3 a6 13. Na3 Nf5 14. Bg4 g6 15. Rab1 Nf6 16. Bh3 Ne4 17. Qa5 Qd6 18. bxa6 Nxe3 19. Rxb7+ Ka8 20. Nb5 Nxf1 21. Nxc7+ Qxc7 22. Qxc7 Bc5 23. Ra7+ 1-0

[Event "WchT Seniors 50"]
[Site "Hersonissos"]
[Date "2017.05.02"]
[Round "9.4"]
[White "Fegan, Chris"]
[Black "Zilberman, Yaacov"]
[Result "0-1"]
[WhiteElo "2052"]
[BlackElo "2430"]
[PlyCount "50"]
[EventDate "2017.04.24"]
[EventType "team-swiss"]
[EventRounds "9"]
[EventCountry "GRE"]
[SourceTitle "CBM 178 Extra"]
[Source "ChessBase"]
[SourceDate "2017.06.22"]
[SourceVersion "1"]
[SourceVersionDate "2017.06.22"]
[SourceQuality "1"]
[WhiteTeam "England II"]
[BlackTeam "Israel"]
[WhiteTeamCountry "ENG"]
[BlackTeamCountry "ISR"]

1. e4 c5 2. a3 e6 3. b4 cxb4 4. axb4 Bxb4 5. Bb2 Nf6 6. e5 Nd5 7. c4 Ne7 8. Nf3 Nbc6 9. Nc3 d6 10. exd6 Bxd6 11. Ne4 0-0 12. Qc2 f5 13. Qc3 e5 14. Nxd6 Qxd6 15. c5 Qf6 16. Bc4+ Be6 17. Nxe5 Nxe5 18. Bxe6+ Qxe6 19. Qxe5 Qxe5+ 20. Bxe5 Nc6 21. Bc3 Rad8 22. 0-0-0 Rd5 23. d4 Rfd8 24. Rhe1 Kf7 25. g4 Nxd4 0-1

[Event "BCF-chT2a 1617 (4NCL)"]
[Site "England"]
[Date "2016.11.20"]
[Round "2.35"]
[White "Stewart, Joseph"]
[Black "Fegan, Chris"]
[Result "1-0"]
[WhiteElo "2150"]
[BlackElo "2090"]
[PlyCount "81"]
[EventDate "2016.11.19"]
[EventType "team-tourn"]
[EventRounds "11"]
[EventCountry "ENG"]
[SourceTitle "EXT 2019"]
[Source "ChessBase"]
[SourceDate "2018.10.10"]
[SourceVersion "1"]
[SourceVersionDate "2018.10.10"]
[SourceQuality "1"]
[WhiteTeam "West is Best"]
[BlackTeam "CSC Dragons"]
[WhiteTeamCountry "ENG"]
[BlackTeamCountry "ENG"]

1. e4 c5 2. Nf3 d6 3. d4 cxd4 4. Nxd4 Nf6 5. Nc3 g6 6. Be3 Bg7 7. f3 0-0 8. Qd2 Nc6 9. 0-0-0 Bd7 10. g4 Qa5 11. Nb3 Qc7 12. Be2 a5 13. a4 Nb4 14. Kb1 Rfc8 15. Rc1 Be6 16. Nd4 Bc4 17. Ndb5 Qd7 18. Bxc4 Rxc4 19. b3 Rc6 20. g5 Ne8 21. Nd5 Nxd5 22. exd5 Rcc8 23. Bd4 Qf5 24. Bxg7 Nxg7 25. Rhe1 Qd7 26. Re2 Nf5 27. Rce1 Rc5 28. c4 Re8 29. Qf4 e5 30. Qg4 Rcc8 31. h4 Rf8 32. h5 Qd8 33. Rh2 Qb6 34. Reh1 Qe3 35. Ka2 Nd4 36. Nxd4 exd4 37. hxg6 fxg6 38. Qd7 h5 39. gxh6 Qe5 40. Rg2 g5 41. Rh5 1-0

[Event "BCF-chT2a 1617 (4NCL)"]
[Site "England"]
[Date "2016.11.19"]
[Round "1.25"]
[White "Fegan, Chris"]
[Black "Humphreys, Jerry"]
[Result "0-1"]
[WhiteElo "2090"]
[BlackElo "2020"]
[PlyCount "84"]
[EventDate "2016.11.19"]
[EventType "team-tourn"]
[EventRounds "11"]
[EventCountry "ENG"]
[SourceTitle "EXT 2019"]
[Source "ChessBase"]
[SourceDate "2018.10.10"]
[SourceVersion "1"]
[SourceVersionDate "2018.10.10"]
[SourceQuality "1"]
[WhiteTeam "CSC Dragons"]
[BlackTeam "Downend & Fishponds"]
[WhiteTeamCountry "ENG"]
[BlackTeamCountry "ENG"]

1. e4 c5 2. a3 d6 3. b4 Nf6 4. Nc3 e6 5. Nf3 Be7 6. g3 b6 7. d4 cxd4 8. Nxd4 0-0 9. Bg2 Bb7 10. 0-0 Qd7 11. Bb2 Nc6 12. f4 Rfd8 13. e5 Ne8 14. f5 Nxd4 15. Qxd4 Bxg2 16. Kxg2 exf5 17. Rad1 Rac8 18. Rf2 Qe6 19. Nd5 dxe5 20. Qxe5 Bd6 21. Qd4 Qe4+ 22. Qxe4 fxe4 23. Re1 Kf8 24. Ne3 Be7 25. Ng4 h5 26. Ref1 Kg8 27. Ne3 Bf6 28. Bxf6 Nxf6 29. Nf5 Rd7 30. Kg1 Ng4 31. Re2 g6 32. Nh4 Re7 33. Rfe1 Rc4 34. Kg2 Kg7 35. h3 Nf6 36. Rd1 Rd7 37. Rde1 Rdc7 38. g4 Rxc2 39. g5 Nd5 40. Kf1 Rxe2 41. Rxe2 e3 42. Ng2 Rc3 0-1